000 00242nam a2200109Ia 4500
008 170627s9999 xx 000 0 und d
100 _aTAULLI- TOM
245 0 _aINVESTING IN IPOS
260 _bAITBS
260 _c2000
546 _aENGLISH
690 _aINVESTING IN IPOS
999 _c35393
_d35393